000 00381nam a2200157Ia 4500
008 230917s9999||||xx |||||||||||||| ||und||
020 _cPOU29.5
040 _e2959
_aMAIN
041 _aEnglish
082 _a363.2 B758P
100 _aBrewer, John D
245 0 _aPolice, public order and the state
260 _aNew York
_bSt Martin
_c1988
300 _axi, 245 p.
942 _cBK
999 _c84780
_d84780